[Event "ROM-ch U08"]
[Site "Calimanesti"]
[Date "2018.04.01"]
[Round "7"]
[White "Iordachescu, George Matei"]
[Black "Nica, Tudor Stefan"]
[Result "0-1"]
[WhiteElo "1216"]
[BlackElo "1084"]
[PlyCount "110"]
[EventDate "2018.03.27"]
[EventType "swiss"]
[EventRounds "9"]
[EventCountry "ROU"]
[SourceTitle "CBM 183 Extra"]
[Source "ChessBase"]
[SourceDate "2018.04.19"]
[SourceVersion "1"]
[SourceVersionDate "2018.04.19"]
[SourceQuality "1"]

1. e4 c5 2. Nf3 g6 3. d4 cxd4 4. Nxd4 Nf6 5. Nc3 Bg7 6. Be3 Nc6 7. Bc4 0-0 8. f3 Na5 9. Bd3 d5 10. Qd2 dxe4 11. Nxe4 Nxe4 12. Bxe4 Nc4 13. Qf2 Nxe3 14. Qxe3 Qxd4 15. Qxd4 Bxd4 16. Rb1 Be6 17. b3 Rab8 18. Ke2 b6 19. Rhd1 Be5 20. Rd3 Rbd8 21. Rbd1 Rxd3 22. Rxd3 Bxh2 23. Kf2 Bd6 24. c4 Rd8 25. Kf1 Rd7 26. Bc6 Rc7 27. Be4 Bd7 28. Bd5 b5 29. Rc3 bxc4 30. Bxc4 Bb5 31. Ke2 Bxc4+ 32. Rxc4 Rc5 33. Rxc5 Bxc5 34. Kd3 Kg7 35. Kc4 Bf2 36. a4 f5 37. Kb5 g5 38. Ka6 h5 39. b4 g4 40. f4 h4 41. b5 h3 42. gxh3 gxh3 43. a5 h2 44. b6 Bxb6 45. axb6 axb6 46. Kxb6 h1Q 47. Kc7 Qd5 48. Kb6 e5 49. fxe5 f4 50. e6 Qxe6+ 51. Kb7 f3 52. Kc7 f2 53. Kb7 f1Q 54. Ka8 Qfa6+ 55. Kb8 Qec8# 0-1

[Event "ROM-ch U08"]
[Site "Calimanesti"]
[Date "2018.03.29"]
[Round "3"]
[White "Gales, Randi Ioan"]
[Black "Nica, Tudor Stefan"]
[Result "1-0"]
[WhiteElo "1105"]
[BlackElo "1084"]
[PlyCount "117"]
[EventDate "2018.03.27"]
[EventType "swiss"]
[EventRounds "9"]
[EventCountry "ROU"]
[SourceTitle "CBM 183 Extra"]
[Source "ChessBase"]
[SourceDate "2018.04.19"]
[SourceVersion "1"]
[SourceVersionDate "2018.04.19"]
[SourceQuality "1"]

1. e4 c5 2. Nf3 g6 3. d4 cxd4 4. Nxd4 Nf6 5. f3 Bg7 6. Be3 Nc6 7. Nc3 0-0 8. Nb3 d6 9. Qd2 Be6 10. 0-0-0 Bxb3 11. cxb3 Qc7 12. Kb1 a6 13. Bh6 b5 14. h4 Rab8 15. h5 Bxh6 16. Qxh6 Kh8 17. hxg6 fxg6 18. Nd5 Qb7 19. g4 Rf7 20. Qxg6 Rg7 21. Qh6 Nxd5 22. Rxd5 Ne5 23. f4 Nxg4 24. Qh5 Nf6 25. Qf5 Nxd5 26. exd5 Qc8 27. Qe4 Qf8 28. Bd3 Qg8 29. Qd4 Re8 30. Rxh7+ Qxh7 31. Bxh7 Kxh7 32. a4 bxa4 33. Qxa4 Rg1+ 34. Ka2 Rgg8 35. Qe4+ Kh6 36. f5 Kg5 37. Qe6 Rgf8 38. Qg6+ Kf4 39. b4 Ke5 40. Kb3 Kxd5 41. Qe6+ Kc6 42. Qc4+ Kb7 43. b5 axb5 44. Qxb5+ Ka7 45. Ka4 Rb8 46. Qd7+ Rb7 47. Qe6 Rfb8 48. Qe4 Rb4+ 49. Qxb4 Rxb4+ 50. Kxb4 Kb6 51. Kc4 Kc6 52. Kd4 Kc7 53. Kd5 Kd7 54. b4 Kc7 55. Ke6 Kd8 56. b5 d5 57. Kxd5 Kd7 58. b6 Kd8 59. Ke6 1-0

[Event "EU-ch U08 27th"]
[Site "Mamaia"]
[Date "2017.09.07"]
[Round "3"]
[White "Guba, Viktor"]
[Black "Nica, Tudor Stefan"]
[Result "1-0"]
[WhiteElo "1442"]
[BlackElo "1107"]
[PlyCount "95"]
[EventDate "2017.09.05"]
[EventType "swiss"]
[EventRounds "9"]
[EventCountry "ROU"]
[SourceTitle "CBM 180 Extra"]
[Source "ChessBase"]
[SourceDate "2017.10.06"]
[SourceVersion "1"]
[SourceVersionDate "2017.10.06"]
[SourceQuality "1"]

1. e4 c5 2. Nf3 Nc6 3. d4 cxd4 4. Nxd4 g6 5. Be3 Bg7 6. Nc3 Nf6 7. Be2 0-0 8. Qd2 e6 9. 0-0-0 d5 10. exd5 Nxd5 11. Nxc6 bxc6 12. Nxd5 cxd5 13. Bh6 Qf6 14. Bxg7 Kxg7 15. Qd4 Qxd4 16. Rxd4 Bb7 17. h4 h5 18. g4 e5 19. Rb4 Rab8 20. gxh5 d4 21. Rg1 Rh8 22. hxg6 fxg6 23. h5 Be4 24. Rxb8 Rxb8 25. Bd3 Bxd3 26. cxd3 Rb6 27. Rg5 Re6 28. hxg6 e4 29. Kd2 e3+ 30. fxe3 dxe3+ 31. Ke2 Rb6 32. b3 Ra6 33. a4 Rb6 34. Rb5 Rxb5 35. axb5 Kxg6 36. Kxe3 Kf6 37. Ke4 Ke6 38. b4 Kd6 39. Kd4 Kc7 40. Kc5 Kb7 41. d4 Kc7 42. d5 Kb7 43. d6 Kc8 44. Kc6 Kd8 45. Kb7 a5 46. bxa6 Kd7 47. a7 Kxd6 48. a8Q 1-0

[Event "ROM-ch U08"]
[Site "Calimanesti Caciulata"]
[Date "2016.04.25"]
[Round "9"]
[White "Onica, Victor Dominic"]
[Black "Nica, Tudor Stefan"]
[Result "1/2-1/2"]
[WhiteElo "1001"]
[BlackElo "1034"]
[PlyCount "82"]
[EventDate "2016.04.18"]
[EventType "swiss"]
[EventRounds "9"]
[EventCountry "ROU"]
[SourceTitle "EXT 2017"]
[Source "ChessBase"]
[SourceDate "2016.10.25"]
[SourceVersion "1"]
[SourceVersionDate "2016.10.25"]
[SourceQuality "1"]

1. e4 e5 2. Nf3 Nc6 3. Nc3 Nf6 4. Bc4 d6 5. h3 Be6 6. d3 Be7 7. Bg5 h6 8. Bh4 Qd7 9. 0-0 0-0 10. Qe2 Rad8 11. Bxe6 fxe6 12. Nh2 d5 13. exd5 exd5 14. Nf3 Bd6 15. Qe3 d4 16. Qd2 dxc3 17. Qxc3 Rde8 18. Qd2 Bb4 19. c3 Bd6 20. d4 e4 21. Ne1 Qe7 22. Nc2 a5 23. d5 Nd8 24. c4 Bb4 25. Nxb4 axb4 26. a3 bxa3 27. bxa3 e3 28. Qe2 exf2+ 29. Qxf2 c6 30. dxc6 Nxc6 31. Qg3 Ne4 32. Qg4 Rxf1+ 33. Rxf1 Qxa3 34. Qf5 Qe3+ 35. Bf2 Nxf2 36. Rxf2 Qe4 37. Qf7+ Kh8 38. Rf6 Qd4+ 39. Rf2 Re1+ 40. Kh2 Qd6+ 41. g3 Ne5 1/2-1/2

[Event "ROM-ch U08"]
[Site "Calimanesti Caciulata"]
[Date "2016.04.21"]
[Round "5"]
[White "Nica, Tudor Stefan"]
[Black "Santimbrean, Mihnea Nicolae"]
[Result "0-1"]
[WhiteElo "1034"]
[BlackElo "1001"]
[PlyCount "34"]
[EventDate "2016.04.18"]
[EventType "swiss"]
[EventRounds "9"]
[EventCountry "ROU"]
[SourceTitle "CBM 172 Extra"]
[Source "ChessBase"]
[SourceDate "2016.06.21"]
[SourceVersion "1"]
[SourceVersionDate "2016.06.21"]
[SourceQuality "1"]

1. e4 e5 2. Nf3 Nc6 3. d3 Bc5 4. Be2 h6 5. 0-0 Nf6 6. Be3 Bb6 7. Qd2 d6 8. Bxb6 axb6 9. Nc3 Bg4 10. h3 Bh5 11. Rad1 0-0 12. b3 Qe7 13. Nh4 Bxe2 14. Qxe2 Nd4 15. Qd2 Nh5 16. a4 Qxh4 17. Qe1 Qe7 0-1